000 00659nam a2200253Ia 4500
003 OSt
005 20221005083759.0
006 a|||||r|||| 00| 0
007 ta
008 221004b |||||||| |||| 00| 0 eng d
020 _a8185990700
024 _a79413
037 _cTextual
040 _aCRL
_cCRL
_beng
041 _2eng
_aeng
082 _aV1(Q7), M3
100 _aPipes Daniel
245 0 _aIn the path of God
_b Islam and political power
260 _aNew Delhi
_bVoice of India India
_c1983
300 _a373p.
_ccm.
650 _aWORLD HISTORY
942 _hV1(Q7), M3
_cTEXL
_2cc
999 _c991519
_d991519